| 000 | 00408nam a2200157 a 4500 | ||
|---|---|---|---|
| 005 | 20140412111227.0 | ||
| 008 | 100121s19uu xx 00 eng d | ||
| 020 | _a1-58668-072-2 | ||
| 050 |
_aER _bL52 2001 |
||
| 100 | _aDavis, Guy | ||
| 245 |
_aBarney's Favorite easter parade stories / _cGuy Davis. |
||
| 260 |
_aNew York : _bScholastic, _c2001. |
||
| 300 | _aunp. | ||
| 440 | _aBarney | ||
| 999 |
_c102064 _d102064 |
||